Histoire de la société française depuis 1945 (notice n° 1794211)
[ vue normale ]
| 000 -LEADER | |
|---|---|
| fixed length control field | 01596cam a2200133 4500500 |
| 005 - DATE AND TIME OF LATEST TRANSACTION | |
| control field | 20260329000245.0 |
| 041 ## - LANGUAGE CODE | |
| Language code of text/sound track or separate title | fre |
| 042 ## - AUTHENTICATION CODE | |
| Authentication code | dc |
| 100 10 - MAIN ENTRY--PERSONAL NAME | |
| Personal name | Borne, Dominique |
| Relator term | author |
| 245 00 - TITLE STATEMENT | |
| Title | Histoire de la société française depuis 1945 |
| 260 ## - PUBLICATION, DISTRIBUTION, ETC. | |
| Name of publisher, distributor, etc. | Armand Colin,<br/> |
| Date of publication, distribution, etc. | 2002.<br/> |
| 520 ## - SUMMARY, ETC. | |
| Summary, etc. | Nouvelle présentation, 3e éditionAprès quatre années d’Occupation, la France restaurée se modernise et change. Comment faire la part des bouleversements et des permanences dans le monde du travail, le cadre familial, les modes de vie, les pratiques culturelles&#8239;? État-providence, société de loisir, consommation de masse: telle est la France des années soixante-dix dont la crise ébranle bien des certitudes. La société a-t-elle parfaitement accepté l’évolution des années fastes&#8239;? Quel est le diagnostic que livre la période de récession: une société en crise ou une crise de la société&#8239;?Ce livre concilie l’étude des changements dans la durée et la réflexion sur les thèmes majeurs. L’exposé clair et structuré est pourvu d’outils au fil du texte: chronologies, cartes, commentaires, données chiffrées, développement des problématiques importantes… Un instrument de travail utile pour les étudiants d’histoire et d’études politiques, les élèves des classes préparatoires aux grandes écoles, ainsi que les candidats aux concours d’enseignement et aux concours administratifs. |
| 856 41 - ELECTRONIC LOCATION AND ACCESS | |
| Uniform Resource Identifier | <a href="https://shs.cairn.info/histoire-de-la-societe-francaise-depuis-1945--9782200262723?lang=fr&redirect-ssocas=7080">https://shs.cairn.info/histoire-de-la-societe-francaise-depuis-1945--9782200262723?lang=fr&redirect-ssocas=7080</a> |
Pas d'exemplaire disponible.




Réseaux sociaux